Alaska Airports - Statistics

General Stats
  • This quiz has been taken 20 times
  • The average score is 8 of 25
Answer Stats
Airport % Correct
Juneau
100%
Ted Stevens Anchorage
100%
Fairbanks
85%
Nome
75%
Ketchikan
65%
Stika Rocky Gutierrez
55%
Kodiak
50%
Unalaska
50%
Homer
45%
Bethel
35%
Deadhorse
30%
Kenai
25%
Wrangell
25%
Petersburg James A. Johnson
20%
King Salmon
15%
Yakutat
15%
Dillingham
10%
Gustavus
5%
Lake Hood
5%
Merrill
5%
Ralph Wien Memorial
5%
Red Dog
5%
Wiley Post-Will Rogers Memorial
5%
Klawock
0%
Merle K. Smith
0%
No matching quizzes found
Score Distribution
Percent of People with Each Score
Percentile by Number Answered
Your Score History
You have not taken this quiz